| 000 | 00786cab a2200265 4500 | ||
|---|---|---|---|
| 001 | ABS49589 | ||
| 008 | 090401t1993 xxu||||| |||| 00| 0 eng d | ||
| 035 | _a(Sirsi) u71872 | ||
| 041 | _aeng | ||
| 100 | _aAlexandre, A. | ||
| 245 | _aReducing car use in cities | ||
| 260 | _c1993 | ||
| 350 | _a0 | ||
| 490 |
_aOECD Observer _v(184) October/November 1993, 29-21(4) |
||
| 520 | _aDiscusses the ECMT/OECS`s "Urban travel and sustainable development" report aimed at reducing car use in built up urban areas. | ||
| 650 | _aCAR USE | ||
| 650 | _aINNER CITIES | ||
| 650 |
_aLAND-USE _96251 |
||
| 650 | _aPUBLIC TRANSPORT | ||
| 650 | _aSUSTAINABLE DEVELOPMENT | ||
| 650 | _aTRAFFIC CONGESTION | ||
| 690 | _aTRANSPORT AND COMMUNICATIONS | ||
| 942 | _n0 | ||
| 948 | _c04/03/1997 | ||
| 999 |
_c45336 _d45336 |
||